000 00670nam a2200205 i 4500
001 188083
003 ES-MaACL
005 20230906223116.0
008 180426s2017 sp |||| |aspa d
020 _a978-84-947546-6-1
080 _a821.134.2-31"19"
100 1 _aMadrigal, Alfonso
_c(seud.)
_9142376
245 1 0 _aMemorias de ilusión, dolor y silencio /
_cAlfonso Madrigal.
260 _aSalobreña (Granada) :
_bAlhulia,
_c[2017]
300 _a302 p. ;
_c21 cm.
490 1 _aCrisálida narrativa ;
_v207
830 0 _aCrisálida narrativa ;
_v207
_9191393
852 _aES-MaACL
_jL-31974
_z. - Dedicatoria autógrafa del autor
999 _c188083
_d188083